[Event "Mechanics' Spring TNM; 30/90, SD/30"]
[Site "San Francisco"]
[Date "2009.03.24"]
[Round "2.6"]
[White "Manvelyan, Hayk"]
[Black "Chernobilskiy, Mikhail"]
[Result "1-0"]
[WhiteElo "2035"]
[BlackElo "1801"]
[PlyCount "49"]
[EventDate "2009.??.??"]

1. e4 e5 2. f4 exf4 3. Nf3 g5 4. h4 g4 5. Ne5 Nf6 6. Nxg4 Nxe4 7. d3 Ng3 8. Rh3
d6 9. Bxf4 h5 10. Rxg3 hxg4 11. Re3+ Be6 12. g3 Bh6 13. Qxg4 Kd7 14. Rxe6 fxe6
15. Bxh6 Rg8 16. Bg5 Qe8 17. Nc3 Qg6 18. Nd5 Rf8 19. Bh3 Rf5 20. Nf4 Re5+ 21.
Kd2 Qf5 22. Qh5 Qf8 23. d4 Re4 24. Qh7+ Kc6 25. Qxe4+ 1-0

[Event "Mechanics' Winter TNM; 30/90, SD/30"]
[Site "San Francisco"]
[Date "2009.02.10"]
[Round "6.3"]
[White "Manvelyan, Hayk"]
[Black "Fuentes, Romulo"]
[Result "1/2-1/2"]
[WhiteElo "1969"]
[BlackElo "2082"]
[PlyCount "89"]
[EventDate "2009.??.??"]

1. e4 c5 2. Nc3 d6 3. g3 Nc6 4. Bg2 h5 5. d3 e5 6. h3 Be6 7. Nf3 f6 8. Be3 Nge7
9. Nd2 Qd7 10. Nd5 Bxd5 11. exd5 Nb4 12. a3 Nbxd5 13. c4 Nxe3 14. fxe3 Rb8 15.
O-O Nc6 16. Ne4 Be7 17. Kh2 f5 18. Nc3 g6 19. h4 O-O 20. Nd5 Qd8 21. Qe1 Bf6
22. Rb1 Bg7 23. b4 cxb4 24. axb4 Ne7 25. Nxe7+ Qxe7 26. Bd5+ Kh7 27. Qe2 b5 28.
Rfc1 bxc4 29. dxc4 Qf6 30. b5 f4 31. Rf1 fxg3+ 32. Kxg3 Qe7 33. Be4 Kh6 34.
Rxf8 Rxf8 35. Rf1 Bf6 36. Rh1 Qg7 37. Rg1 g5 38. Bf5 Bd8 39. e4 gxh4+ 40. Kh2
Bg5 41. Qd3 Qf6 42. Qd5 Qe7 43. Rd1 Rd8 44. c5 Bf4+ 45. Kh1 {
Both scoresheets break down here. The game was drawn in 59 moves.} 1/2-1/2

[Event "Mechanics' Spring TNM; 30/90, SD/30"]
[Site "San Francisco"]
[Date "2009.04.07"]
[Round "4.2"]
[White "Manvelyan, Hayk"]
[Black "Gray, William"]
[Result "1/2-1/2"]
[WhiteElo "2035"]
[BlackElo "2081"]
[PlyCount "84"]
[EventDate "2009.??.??"]

1. e4 d5 2. exd5 Qxd5 3. Nc3 Qd6 4. d4 Nf6 5. Nf3 c6 6. Bg5 Bg4 7. Be2 Nbd7 8.
O-O e6 9. Qd2 Qc7 10. h3 Bf5 11. Bf4 Bd6 12. Bxd6 Qxd6 13. Nh4 O-O 14. Nxf5
exf5 15. Rad1 Rae8 16. Bf3 Ne4 17. Qd3 Ndf6 18. Rfe1 Nxc3 19. Qxc3 g6 20. Qd3
Qb4 21. Rxe8 Rxe8 22. b3 Qa5 23. a4 Nd5 24. c4 Nf4 25. Qd2 Qc7 26. d5 cxd5 27.
cxd5 Qd6 28. Qd4 b6 29. Rc1 Rd8 30. Rc6 Qb8 31. d6 Ne6 32. Qd5 Qb7 33. Qc4 Qd7
34. Bd5 Rf8 35. Qb4 Rd8 36. a5 bxa5 37. Qxa5 Rf8 38. b4 Rb8 39. Ra6 Rc8 40. Qa1
Rf8 41. Qc3 Nf4 42. Qc6 Rd8 {drawn in a few more moves} 1/2-1/2

[Event "Mechanics' Wilkerson Mem TNM; 30/90, SD"]
[Site "San Francisco"]
[Date "2009.09.29"]
[Round "9.3"]
[White "Manvelyan, Hayk"]
[Black "Grey, Peter"]
[Result "1-0"]
[WhiteElo "2071"]
[BlackElo "2012"]
[PlyCount "47"]
[EventDate "2009.??.??"]

1. d4 Nf6 2. c4 g6 3. Nc3 d5 4. Qb3 dxc4 5. Qxc4 Be6 6. Qb5+ Nc6 7. Nf3 Nd5 8.
e4 a6 9. Qa4 Nb6 10. Qd1 Bg4 11. Be3 Bg7 12. d5 Ne5 13. Be2 O-O 14. Nxe5 Bxe2
15. Nxf7 Bxd1 16. Nxd8 Raxd8 17. Rxd1 Nc4 18. Bc1 Rd6 19. O-O Rb6 20. Na4 Rb4
21. b3 Nd6 22. f3 b5 23. Bd2 Rd4 24. Nc5 1-0

[Event "Capps Memorial"]
[Site "San Francisco"]
[Date "2009.11.08"]
[Round "3"]
[White "Manvelyan, Hayk"]
[Black "Lee, Andy"]
[Result "0-1"]
[WhiteElo "2051"]
[BlackElo "2305"]
[PlyCount "116"]
[EventDate "2009.11.08"]
[EventType "swiss"]
[EventRounds "6"]
[EventCountry "USA"]

1. d4 Nf6 2. c4 c5 3. Nf3 cxd4 4. Nxd4 e5 5. Nf3 Nc6 6. Nc3 Bc5 7. e3 O-O 8.
Be2 e4 9. Nd4 Qb6 10. Na4 Bb4+ 11. Bd2 Qa5 12. Nc3 Qg5 13. O-O Bc5 14. a3 d5
15. Kh1 Qh4 16. Nxd5 Ng4 17. Bxg4 Bxg4 18. Qe1 Ne5 19. f4 Qxe1 20. Raxe1 Nxc4
21. Bc3 Rad8 22. Nb4 Bc8 23. Nbc2 f5 24. Rd1 a6 25. b3 Nb6 26. Rd2 Rd6 27. Rfd1
Rfd8 28. b4 Bxd4 29. Rxd4 Nc4 30. Rxd6 Rxd6 31. Rxd6 Nxd6 32. Kg1 Bd7 33. Kf2
Nc4 34. Ke2 g6 35. Bd4 Ba4 36. Na1 Nxa3 37. Kd2 Kf7 38. Bc5 Ke6 39. Kc3 Kd5 40.
Nb3 Nb5+ 41. Kb2 Bxb3 42. Kxb3 Nc7 43. Kc3 Ne6 44. Bb6 Kc6 45. Bd4 Nxd4 46.
Kxd4 Kd6 47. Kc4 b6 48. Kd4 a5 49. Kc4 axb4 50. Kxb4 Kc6 51. Kc4 b5+ 52. Kb4
Kb6 53. Kb3 Kc5 54. Kc3 b4+ 55. Kb3 Kb5 56. Kb2 Kc4 57. Kc2 b3+ 58. Kb2 Kd3 0-1

[Event "Mechanics' Wilkerson Mem TNM; 30/90, SD"]
[Site "San Francisco"]
[Date "2009.08.04"]
[Round "2.7"]
[White "Manvelyan, Hayk"]
[Black "Litowsky, Daniel"]
[Result "1-0"]
[WhiteElo "2071"]
[BlackElo "1705"]
[PlyCount "51"]
[EventDate "2009.??.??"]

1. d4 d5 2. Nf3 Nf6 3. c4 c6 4. Nc3 e6 5. Bg5 Bb4 6. Qc2 Nbd7 7. e3 Qa5 8. Nd2
dxc4 9. Bxf6 Nxf6 10. Nxc4 Bxc3+ 11. bxc3 Qc7 12. Bd3 O-O 13. e4 h6 14. O-O b6
15. f4 Bb7 16. Qe2 c5 17. f5 cxd4 18. e5 Nd5 19. cxd4 exf5 20. Rxf5 Rae8 21.
Nd6 Re6 22. Raf1 f6 23. Qf3 Bc6 24. Bc4 Rxd6 25. exd6 Qxd6 26. Bxd5+ 1-0

[Event "Mechanics' Spring TNM; 30/90, SD/30"]
[Site "San Francisco"]
[Date "2009.05.05"]
[Round "8.4"]
[White "Manvelyan, Hayk"]
[Black "Margulis, Igor"]
[Result "1/2-1/2"]
[WhiteElo "2035"]
[BlackElo "2112"]
[PlyCount "100"]
[EventDate "2009.??.??"]

1. e4 g6 2. d4 Bg7 3. Nc3 c6 4. f4 d5 5. e5 h5 6. Nf3 Qb6 7. b3 Nh6 8. Be3 f6
9. Bd3 Bf5 10. Nh4 fxe5 11. Na4 Qd8 12. Nxg6 Bg4 13. Be2 Nf5 14. Bf2 Qa5+ 15.
Kf1 exd4 16. Bxg4 hxg4 17. Nxh8 Qa6+ 18. Qd3 Bxh8 19. Nc5 Qxd3+ 20. Nxd3 Nd7
21. g3 c5 22. h3 gxh3 23. Rxh3 O-O-O 24. Re1 c4 25. Ne5 Bxe5 26. fxe5 Rf8 27.
Kg2 Nc5 28. g4 Rg8 29. Kf3 Ne3 30. Bxe3 dxe3 31. Rxe3 Ne6 32. Rh2 Nd4+ 33. Kf4
Ne6+ 34. Kg3 b5 35. c3 Kd7 36. Rf2 a5 37. Rf5 a4 38. bxa4 bxa4 39. Kh4 Rb8 40.
Re2 Rb1 41. g5 Rh1+ 42. Kg3 a3 43. g6 Rh6 44. Rg2 Rxg6+ 45. Kf3 Rh6 46. Kf2 Rh1
47. Rg1 Rh2+ 48. Rg2 Rh1 49. Rg1 Rh2+ 50. Rg2 Rh8 1/2-1/2

[Event "Mechanics' Winter TNM; 30/90, SD/30"]
[Site "San Francisco"]
[Date "2009.01.27"]
[Round "4.3"]
[White "Manvelyan, Hayk"]
[Black "Margulis, Igor"]
[Result "1/2-1/2"]
[WhiteElo "1969"]
[BlackElo "2150"]
[PlyCount "87"]
[EventDate "2009.??.??"]

1. e4 g6 2. Nc3 Bg7 3. g3 c5 4. Bg2 Nc6 5. d3 e5 6. f4 d6 7. Nf3 Nge7 8. O-O
O-O 9. Rb1 Nd4 10. Ne2 Nxf3+ 11. Bxf3 Rb8 12. Be3 b6 13. Qd2 Be6 14. a3 Qd7 15.
c4 f5 16. b3 Nc6 17. Nc3 exf4 18. Bxf4 Rfe8 19. exf5 gxf5 20. Nd5 Ne5 21. Bg2
Ng4 22. h3 Nf6 23. Nxf6+ Bxf6 24. Bf3 Red8 25. Qg2 d5 26. Rbd1 Qf7 27. Rfe1
dxc4 28. dxc4 Rxd1 29. Rxd1 Bd4+ 30. Kh2 Qf6 31. Re1 Bf7 32. Bd5 Rd8 33. Qf3
Kg7 34. h4 h6 35. Re2 Rd7 36. Kh3 Qg6 37. Bxf7 Rxf7 38. Be5+ Kh7 39. Bxd4 cxd4
40. Re5 Rd7 41. Rd5 Rxd5 42. cxd5 Qf6 43. Qf4 d3 44. Qe3 1/2-1/2

[Event "Capps Memorial"]
[Site "San Francisco"]
[Date "2009.11.08"]
[Round "5"]
[White "Manvelyan, Hayk"]
[Black "Pearson, Michael"]
[Result "1-0"]
[WhiteElo "2051"]
[BlackElo "2280"]
[PlyCount "69"]
[EventDate "2009.11.08"]
[EventType "swiss"]
[EventRounds "6"]
[EventCountry "USA"]

1. e4 c5 2. Nc3 Nc6 3. g3 g6 4. Bg2 Bg7 5. d3 e6 6. f4 Nge7 7. Nf3 O-O 8. O-O
Nd4 9. Ne2 d5 10. c3 dxe4 11. dxe4 Nxf3+ 12. Bxf3 Qc7 13. Be3 b6 14. Qc2 Bb7
15. Rad1 Kh8 16. Rd2 f5 17. Rfd1 Rae8 18. Bg2 Qc8 19. e5 Nd5 20. Bf2 c4 21. b3
Rf7 22. Nd4 cxb3 23. Qxb3 Nc7 24. Nc6 Nd5 25. Nxa7 Qa8 26. Nb5 Bf8 27. c4 Nxf4
$5 28. Bxb7 $2 (28. gxf4 Bxg2 29. Nd6 Bxd6 30. exd6 $16) 28... Nh3+ 29. Kg2
Qxb7+ 30. Kxh3 g5 $1 31. Be3 Rg7 (31... g4+ 32. Kh4 Be7+ 33. Kh5 f4 34. Nd6 Rg7
35. Nxb7 (35. Bxf4 Bxd6 36. Rxd6 Qf7+ 37. Kh4 Qe7+ 38. Kh5 Qf7+ $11) 35... Rg5+
36. Kh6 Rf5) 32. Nd6 Bxd6 (32... g4+ 33. Kh4 Be7+ 34. Kh5 Bxd6 35. Rxd6 Reg8
$17) 33. exd6 Rg6 $2 (33... g4+ 34. Kh4 Qf7 35. Qc3 e5 36. d7 Qf6+ 37. Kh5 Qg6+
38. Kh4 Qf6+ $11) 34. Qc3+ (34. Bxg5 $1 Rxg5 35. Rd4 Rh5+ 36. Rh4 Rxh4+ 37.
Kxh4 {winning.}) 34... e5 $4 (34... Kg8 35. Bxg5 Rxg5 36. Rd4 Rh5+ 37. Rh4 Qe4
38. Rd4 Rxh4+ 39. gxh4 Qe2) 35. Rd5 1-0

[Event "Mechanics' Fall TNM; 30/90, SD/30"]
[Site "San Francisco"]
[Date "2009.11.10"]
[Round "4.5"]
[White "Manvelyan, Hayk"]
[Black "Pearson, Michael"]
[Result "0-1"]
[WhiteElo "2033"]
[BlackElo "2290"]
[PlyCount "62"]
[EventDate "2009.??.??"]

1. e4 d5 2. exd5 Nf6 3. c4 c6 4. d4 cxd5 5. Nc3 Nc6 6. Nf3 e6 7. c5 Be7 8. Bd3
O-O 9. O-O b6 10. Qa4 Bd7 11. Bb5 Qe8 12. b4 Ne4 13. Nxe4 dxe4 14. Ng5 a5 15.
Nxe4 axb4 16. Qd1 Nxd4 17. Bxd7 Qxd7 18. cxb6 Rfd8 19. Be3 Qc6 20. Ng3 Bc5 21.
Rc1 Qxb6 22. Ne4 Rxa2 23. Rxc5 Ne2+ 24. Kh1 Rxd1 25. Rxd1 Qb8 26. Rb5 Qa8 27.
Rxb4 f5 28. Nd6 f4 29. Bxf4 Ra1 30. Bc1 Nxc1 31. Rc4 Nd3 0-1

[Event "Mechanics' Summer TNM; 30/90, SD/30"]
[Site "San Francisco"]
[Date "2009.07.07"]
[Round "7.7"]
[White "Manvelyan, Hayk"]
[Black "Periwal, Prashant"]
[Result "1-0"]
[WhiteElo "2072"]
[BlackElo "1855"]
[PlyCount "51"]
[EventDate "2009.??.??"]

1. d4 d5 2. c4 e6 3. Nc3 Nf6 4. Nf3 b6 5. Bg5 Be7 6. e3 Bb7 7. Qc2 Nbd7 8. cxd5
exd5 9. Bd3 Rc8 10. Nb5 a6 11. Na7 Ra8 12. Nc6 Bxc6 13. Qxc6 O-O 14. O-O Ra7
15. Rac1 Nb8 16. Qc2 h6 17. Bf4 c5 18. dxc5 bxc5 19. Rfd1 Nc6 20. a3 Bd6 21.
Bxd6 Qxd6 22. Qxc5 Qxc5 23. Rxc5 Ne7 24. Rdc1 Rb8 25. b4 Ne4 26. Rc7 1-0

[Event "Mechanics' Winter TNM; 30/90, SD/30"]
[Site "San Francisco"]
[Date "2009.02.24"]
[Round "8.8"]
[White "Manvelyan, Hayk"]
[Black "Periwal, Prashant"]
[Result "1-0"]
[WhiteElo "1969"]
[BlackElo "1869"]
[PlyCount "81"]
[EventDate "2009.??.??"]

1. e4 c5 2. Nc3 Nc6 3. g3 e6 4. Bg2 Nf6 5. d3 d5 6. exd5 exd5 7. Bg5 Be7 8.
Nge2 Bg4 9. O-O Nd4 10. f3 Nxe2+ 11. Qxe2 Be6 12. f4 Qd7 13. Bxf6 gxf6 14. f5
Bxf5 15. Rxf5 Qxf5 16. Nxd5 Qe5 17. Re1 Qxe2 18. Rxe2 O-O-O 19. Rxe7 Rde8 20.
Kf2 Rxe7 21. Nxe7+ Kd7 22. Nf5 Ke6 23. Be4 b5 24. Ke3 h5 25. Kf4 a5 26. h4 b4
27. Bf3 Rh7 28. g4 hxg4 29. Bxg4 a4 30. h5 Rh8 31. h6 Rh7 32. Bf3 a3 33. b3 Rh8
34. Be4 Rd8 35. h7 Rf8 36. Nh6 Rh8 37. Ng8 Kd6 38. Nxf6 Ke7 39. Ke5 Kf8 40. Ng8
Kg7 41. Kd5 1-0

[Event "Mechanics' Summer TNM; 30/90, SD/30"]
[Site "San Francisco"]
[Date "2009.06.09"]
[Round "3.5"]
[White "Manvelyan, Hayk"]
[Black "Ramachandran, Jayakrishnan"]
[Result "0-1"]
[WhiteElo "2072"]
[BlackElo "1822"]
[PlyCount "82"]
[EventDate "2009.??.??"]

1. e4 e5 2. f4 exf4 3. Nf3 Ne7 4. d4 d5 5. e5 Ng6 6. Bd3 Be7 7. O-O Bg4 8. c3
Qd7 9. Qc2 c5 10. h3 Be6 11. dxc5 Bxc5+ 12. Kh2 Nc6 13. Re1 Qc7 14. Qe2 Qb6 15.
Bxg6 hxg6 16. Bxf4 O-O-O 17. Ng5 Nb8 18. b4 Be7 19. Be3 Qc6 20. Nxe6 Qxe6 21.
Bxa7 Rh5 22. Bd4 Rdh8 23. Kg1 Nc6 24. a3 Rg5 25. Kh2 Rgh5 26. Kg1 Bh4 27. Bf2
Rxe5 28. Qd2 Rxe1+ 29. Qxe1 Qxe1+ 30. Bxe1 Bxe1 31. Kf1 Re8 32. Ra2 Re3 33. Re2
Rxe2 34. Kxe2 Bg3 35. Nd2 Be5 36. Kd3 Kd7 37. c4 Ke6 38. b5 dxc4+ 39. Kxc4 Nb8
40. Nb3 b6 41. a4 Nd7 0-1

[Event "Mechanics' Spring TNM; 30/90, SD/30"]
[Site "San Francisco"]
[Date "2009.04.21"]
[Round "6.4"]
[White "Manvelyan, Hayk"]
[Black "Ramachandran, Jayakrishnan"]
[Result "1/2-1/2"]
[WhiteElo "2035"]
[BlackElo "1829"]
[PlyCount "60"]
[EventDate "2009.??.??"]

1. e4 e5 2. f4 exf4 3. Nf3 d5 4. exd5 Nf6 5. Bb5+ Bd7 6. Qe2+ Be7 7. Nc3 O-O 8.
O-O Re8 9. d4 Bb4 10. Qd3 Bxc3 11. bxc3 Nxd5 12. c4 Ne3 13. Re1 a6 14. Bxd7
Qxd7 15. Bxe3 fxe3 16. Ne5 Qa4 17. Rxe3 Nd7 18. Nxd7 Qxd7 19. Rae1 g6 20. h3
Rad8 21. c3 Qa4 22. Re7 Qc6 23. Qe2 Rxe7 24. Qxe7 Qd6 25. Qe4 b6 26. Qh4 Rd7
27. Re8+ Kg7 28. Qe4 a5 29. Re5 Qa3 30. Qc2 Qd6 1/2-1/2

[Event "Mechanics' Winter TNM; 30/90, SD/30"]
[Site "San Francisco"]
[Date "2009.01.13"]
[Round "2.6"]
[White "Manvelyan, Hayk"]
[Black "Standen, Julian"]
[Result "1/2-1/2"]
[WhiteElo "1969"]
[BlackElo "1806"]
[PlyCount "100"]
[EventDate "2009.??.??"]

1. e4 c6 2. d4 d5 3. f3 dxe4 4. fxe4 e5 5. Nf3 exd4 6. Bc4 Be7 7. Ne5 Qa5+ 8.
Bd2 Qxe5 9. O-O Nf6 10. Bf4 Qc5 11. Qd3 O-O 12. Nd2 Nbd7 13. Nf3 Nb6 14. Bb3
Bg4 15. Ng5 Bh5 16. Rae1 Bg6 17. Kh1 Rad8 18. Nf3 Qb5 19. Qxb5 cxb5 20. Ne5 Nc4
21. Nxg6 hxg6 22. a4 Ne3 23. Bxe3 dxe3 24. Rxe3 bxa4 25. Bxa4 Rd4 26. Bb3 Bc5
27. Rg3 Kh8 28. e5 Nh7 29. Re3 Rd7 30. Re2 Re7 31. Rfe1 g5 32. g3 g6 33. Kg2
Kg7 34. Bd5 Rfe8 35. Kf3 Bd4 36. e6 fxe6 37. c3 Bc5 38. Bxe6 Nf8 39. Bc4 Rxe2
40. Rxe2 Rxe2 41. Bxe2 Nd7 42. Ke4 Kf6 43. g4 Ne5 44. Kd5 b6 45. h3 a5 46. Bf1
Bf2 47. Be2 Nd7 48. Bb5 Nf8 49. Bf1 Ne6 50. Bb5 Nf4+ {
Both players were low on time in sudden death.} 1/2-1/2

[Event "Mechanics' Summer TNM; 30/90, SD/30"]
[Site "San Francisco"]
[Date "2009.06.09"]
[Round "3.14"]
[White "Manvelyan, Hovik"]
[Black "Adkins, Rico"]
[Result "1-0"]
[WhiteElo "1963"]
[BlackElo "1694"]
[PlyCount "81"]
[EventDate "2009.??.??"]

1. e4 e5 2. Nc3 Nf6 3. f4 d6 4. Nf3 Qe7 5. Be2 exf4 6. d3 Nh5 7. Nd5 Qd8 8. O-O
c6 9. Nxf4 Nf6 10. b3 Qb6+ 11. Kh1 Ng4 12. d4 Nf6 13. e5 dxe5 14. dxe5 Ne4 15.
Bb2 Bc5 16. Bd4 Bxd4 17. Nxd4 Nc3 18. Qd3 Nxe2 19. Nfxe2 O-O 20. e6 c5 21. Rxf7
cxd4 22. Raf1 Rxf7 23. exf7+ Kf8 24. Qxh7 Nd7 25. Qg8+ Ke7 26. f8=Q+ Nxf8 27.
Qxg7+ Kd6 28. Qxf8+ Kc7 29. Qf4+ Qd6 30. Nxd4 Qxf4 31. Rxf4 Bd7 32. g4 Rg8 33.
h3 Kd6 34. Nf5+ Ke5 35. Rf2 Bxf5 36. Rxf5+ Kd4 37. Kg2 Kc3 38. Rf2 b5 39. a4 b4
40. Kg3 Re8 41. g5 1-0

[Event "Mechanics' Summer TNM; 30/90, SD/30"]
[Site "San Francisco"]
[Date "2009.05.26"]
[Round "1.13"]
[White "Manvelyan, Hovik"]
[Black "Allen, Tom"]
[Result "0-1"]
[WhiteElo "1963"]
[BlackElo "1573"]
[PlyCount "114"]
[EventDate "2009.??.??"]

1. e4 e5 2. f4 d5 3. exd5 c6 4. Nf3 e4 5. Ne5 cxd5 6. Bb5+ Bd7 7. Qe2 Nf6 8. b3
a6 9. Bxd7+ Nbxd7 10. Bb2 Be7 11. Nc3 O-O 12. Na4 Nxe5 13. fxe5 Nd7 14. O-O b5
15. Nc3 Nxe5 16. Nxe4 dxe4 17. Bxe5 Bc5+ 18. Kh1 Re8 19. Rf5 Rxe5 20. Rxe5 Qd4
21. c3 Qxe5 22. d4 Bxd4 23. cxd4 Qxd4 24. Rd1 Qe5 25. Qe3 Qe6 26. Rd4 f5 27. g4
Re8 28. gxf5 Qxf5 29. Rd1 Qf3+ 30. Qxf3 exf3 31. Rf1 Rf8 32. Rf2 g5 33. h3 h5
34. Kh2 Rf4 35. Kg3 h4+ 36. Kh2 Kf7 37. Kg1 Kf6 38. Rc2 g4 39. Rc6+ Ke5 40.
hxg4 Rxg4+ 41. Kf2 Rg2+ 42. Kxf3 Rxa2 43. Kg4 Kd5 44. Rc3 Rb2 45. Kxh4 a5 46.
Kg3 b4 47. Rf3 Kd4 48. Kf4 Rd2 49. Kf5 Rd3 50. Rf4+ Kc3 51. Ke5 Kxb3 52. Ke4
Kc3 53. Rf1 Kc2 54. Ra1 Ra3 55. Rh1 a4 56. Kd4 Rc3 57. Rh8 a3 0-1

[Event "Mechanics' Wilkerson Mem TNM; 30/90, SD"]
[Site "San Francisco"]
[Date "2009.08.04"]
[Round "2.15"]
[White "Manvelyan, Hovik"]
[Black "Allen, Tom"]
[Result "1-0"]
[WhiteElo "1951"]
[BlackElo "1526"]
[PlyCount "95"]
[EventDate "2009.??.??"]

1. d4 Nf6 2. Nf3 d5 3. c4 c6 4. Nc3 e6 5. Bg5 h6 6. Bh4 g5 7. Bg3 Bd6 8. e3 Nh5
9. Ne5 Nxg3 10. hxg3 Nd7 11. f4 Qf6 12. Ng4 Qg7 13. Qf3 f5 14. Ne5 g4 15. Qf2
Nf6 16. Bd3 Bd7 17. Qc2 Bxe5 18. dxe5 Ne4 19. Bxe4 dxe4 20. c5 O-O-O 21. O-O-O
Kb8 22. b4 Qe7 23. Na4 Be8 24. Rxd8+ Qxd8 25. Rd1 Qc7 26. Nb2 b5 27. cxb6 Qxb6
28. Qc5 Qxc5+ 29. bxc5 Kc7 30. Nc4 Bd7 31. Rd2 Bc8 32. Rb2 Bd7 33. Nd6 Rb8 34.
Rxb8 Kxb8 35. Nf7 h5 36. Ng5 Kb7 37. Kc2 Ka6 38. Kc3 Kb5 39. Kd4 Kb4 40. Nf7 a5
41. Nd6 a4 42. Nc4 Bc8 43. a3+ Kb3 44. Na5+ Kxa3 45. Kc3 Ba6 46. Nxc6 Bb7 47.
Nb4 Bc8 48. c6 $22 1-0

[Event "Mechanics' Wilkerson Mem TNM; 30/90, SD"]
[Site "San Francisco"]
[Date "2009.09.22"]
[Round "8.7"]
[White "Manvelyan, Hovik"]
[Black "Argishti, Dante"]
[Result "0-1"]
[WhiteElo "1951"]
[BlackElo "2046"]
[PlyCount "104"]
[EventDate "2009.??.??"]

1. d4 Nf6 2. Nf3 d5 3. c4 c6 4. Nc3 e6 5. Bg5 Qa5 6. Bxf6 gxf6 7. e3 Nd7 8. a3
dxc4 9. Bxc4 Nb6 10. Be2 Nd5 11. Qa4 Qxa4 12. Nxa4 Rg8 13. g3 Bd6 14. Nc3 Nxc3
15. bxc3 e5 16. Bd3 h5 17. Nh4 Rg5 18. f4 exf4 19. exf4 Ra5 20. O-O Rxa3 21.
Rfe1+ Kf8 22. Rxa3 Bxa3 23. Re2 b5 24. Ra2 b4 25. cxb4 Bxb4 26. Be4 Bb7 27. Bf3
a5 28. Bxh5 c5 29. Bf3 Bxf3 30. Nxf3 cxd4 31. Kf2 Rd8 32. Nd2 Ke7 33. Ke2 d3+
34. Ke3 Ke6 35. Nb3 Kf5 36. h3 Rh8 37. Nd4+ Kg6 38. Kxd3 Rxh3 39. Ne2 Kf5 40.
Rc2 Be1 41. Rc5+ Kg6 42. Rc1 Bb4 43. Ke3 Rh8 44. Rc2 Ra8 45. Nc1 Re8+ 46. Kf3
Rd8 47. Re2 Rd1 48. Na2 Rf1+ 49. Kg2 Rb1 50. Kf3 Be1 51. Kg2 a4 52. Kh3 f5 {
Black later won the game, with both players short of time, by trapping the
knight.} 0-1

[Event "Mechanics' Spring TNM; 30/90, SD/30"]
[Site "San Francisco"]
[Date "2009.04.21"]
[Round "6.13"]
[White "Manvelyan, Hovik"]
[Black "Bertot, German"]
[Result "1-0"]
[WhiteElo "1903"]
[BlackElo "1561"]
[PlyCount "99"]
[EventDate "2009.??.??"]

1. e4 e5 2. f4 exf4 3. Nf3 d6 4. d4 g5 5. h4 g4 6. Ng1 Qf6 7. Nc3 Qe7 8. Bxf4
Bg7 9. Qd2 Nc6 10. Nge2 Nf6 11. Ng3 Bd7 12. O-O-O O-O-O 13. h5 h6 14. Bb5 a6
15. Bxc6 bxc6 16. Qd3 Kb7 17. Rhe1 Nh7 18. Qc4 Ka7 19. e5 d5 20. Nxd5 cxd5 21.
Qxc7+ Ka8 22. e6 fxe6 23. Qb6 Bb5 24. Nf5 Qf7 25. Bc7 exf5 26. Bxd8 Bf6 27. Bc7
Bg5+ 28. Kb1 Rc8 29. Bd6 Qb7 30. Qa5 Qc6 31. Bc5 Bf6 32. b3 Qb7 33. Re6 Bd8 34.
Bb6 Bg5 35. a4 Bc6 36. Bc5 Bd8 37. Qd2 Bg5 38. Qf2 f4 39. Rde1 Nf8 40. Rd6 Bxa4
41. Rb6 Qd7 42. Rxa6+ Kb7 43. Ra7+ Kc6 44. Rxd7 Nxd7 45. Re6+ Kb7 46. bxa4 Rb8
47. Qe2 Kc7+ 48. Ka2 Nxc5 49. Qe5+ Kb7 50. Qxd5+ 1-0

[Event "Mechanics' Wilkerson Mem TNM; 30/90, SD"]
[Site "San Francisco"]
[Date "2009.09.08"]
[Round "6.8"]
[White "Manvelyan, Hovik"]
[Black "Bultman, Charles"]
[Result "1-0"]
[WhiteElo "1951"]
[BlackElo "1721"]
[PlyCount "67"]
[EventDate "2009.??.??"]

1. d4 Nf6 2. c4 g6 3. Nc3 Bg7 4. e4 d6 5. f4 O-O 6. Nf3 c5 7. d5 e6 8. Be2 exd5
9. cxd5 Re8 10. Nd2 b6 11. O-O Ba6 12. Bxa6 Nxa6 13. Qa4 Nc7 14. Nf3 a6 15. Re1
b5 16. Qc2 b4 17. Nd1 Nb5 18. Nf2 Rc8 19. Qc4 Nd7 20. Rb1 Nb6 21. Qf1 Qd7 22.
g4 Nd4 23. Nxd4 Bxd4 24. f5 gxf5 25. gxf5 Kh8 26. Be3 Bxe3 27. Rxe3 Nxd5 28.
Rg3 Nf6 29. Qxa6 Nxe4 30. Nxe4 Rxe4 31. Rd1 Qxf5 32. Qxd6 Rce8 33. Qd2 Re2 34.
Qxe2 1-0

[Event "Mechanics' Winter TNM; 30/90, SD/30"]
[Site "San Francisco"]
[Date "2009.01.27"]
[Round "4.5"]
[White "Manvelyan, Hovik"]
[Black "Gaffagan, Steven"]
[Result "1/2-1/2"]
[WhiteElo "1878"]
[BlackElo "2037"]
[PlyCount "51"]
[EventDate "2009.??.??"]

1. e4 c5 2. Nc3 d6 3. g3 Nc6 4. Bg2 g6 5. d3 Bg7 6. f4 e6 7. Nf3 Nge7 8. O-O
O-O 9. Rb1 b6 10. Nh4 f5 11. exf5 gxf5 12. Bd2 Rb8 13. Ne2 Bb7 14. Nf3 Nd4 15.
Nexd4 cxd4 16. Ng5 Bxg2 17. Qh5 h6 18. Nxe6 Qc8 19. Rfe1 Ba8 20. Nxg7 Qc6 21.
Qh3 Qh1+ 22. Kf2 Qf3+ 23. Kg1 Ng6 24. Ne6 Qh1+ 25. Kf2 Qf3+ 26. Kg1 1/2-1/2

[Event "Mechanics' Wilkerson Mem TNM; 30/90, SD"]
[Site "San Francisco"]
[Date "2009.08.18"]
[Round "3.3"]
[White "Manvelyan, Hovik"]
[Black "Grey, Peter"]
[Result "0-1"]
[WhiteElo "1951"]
[BlackElo "2012"]
[PlyCount "133"]
[EventDate "2009.??.??"]

1. d4 Nf6 2. c4 g6 3. Nc3 d5 4. Qb3 dxc4 5. Qxc4 Bg7 6. Nf3 O-O 7. e4 a6 8. h3
b5 9. Qb3 Bb7 10. Bd3 c5 11. Be3 cxd4 12. Bxd4 Nc6 13. Bxf6 Bxf6 14. Rd1 Qa5
15. O-O e6 16. Bb1 Rad8 17. h4 Nd4 18. Nxd4 Bxd4 19. Ne2 Bg7 20. h5 Rd2 21.
Rxd2 Qxd2 22. Nc3 Qg5 23. hxg6 hxg6 24. Rd1 Be5 25. Ne2 Kg7 26. f4 Bxf4 27.
Nxf4 Qxf4 28. Rf1 Qe5 29. Qc3 Qxc3 30. bxc3 Rd8 31. Bc2 Rd2 32. Rf2 Rxf2 33.
Kxf2 Kf6 34. Ke3 Ke5 35. g4 g5 36. Bd3 Bc6 37. a3 Kd6 38. Kd2 Kc5 39. Ke3 e5
40. Be2 Bd7 41. Kd2 Be6 42. Bd1 a5 43. Be2 Bc4 44. Bd1 f6 45. Bc2 Bf1 46. Bb3
Bc4 47. Bc2 a4 48. Bb1 Be6 49. Ke3 Bxg4 50. Bd3 Be6 51. Kf3 Bc4 52. Bb1 Kd6 53.
Bc2 Ke6 54. Kg3 Kf7 55. Bd1 Kg6 56. Bg4 Kf7 57. Bd7 Ke7 58. Bc6 Kd6 59. Be8 Kc5
60. Kf3 Be6 61. Ke3 Kc4 62. Kd2 f5 63. exf5 Bxf5 64. Bf7+ Kc5 65. Ke3 g4 66.
Bg8 Kb6 67. Bf7 {score ends} 0-1

[Event "Mechanics' Winter TNM; 30/90, SD/30"]
[Site "San Francisco"]
[Date "2009.02.17"]
[Round "7.10"]
[White "Manvelyan, Hovik"]
[Black "Leavens, Weston"]
[Result "1-0"]
[WhiteElo "1878"]
[BlackElo "1797"]
[PlyCount "95"]
[EventDate "2009.??.??"]

1. e4 e6 2. Qe2 c5 3. f4 Nc6 4. Nf3 Nf6 5. d3 d5 6. g3 Nd4 7. Nxd4 cxd4 8. e5
Nd7 9. Bg2 Bc5 10. O-O O-O 11. Nd2 Nb8 12. Nf3 Nc6 13. Nh4 Be7 14. Bd2 Bxh4 15.
gxh4 Qxh4 16. Rf3 f5 17. Kh1 Bd7 18. Rh3 Qe7 19. Qh5 h6 20. Rg3 Kh8 21. Rg1 Be8
22. Qh3 Rg8 23. Bf3 Bf7 24. Bh5 Nd8 25. a3 Bxh5 26. Qxh5 Nf7 27. Bb4 Qe8 28. a4
Rc8 29. R1g2 Rc7 30. b3 Nd6 31. Rg6 Nf7 32. Qh4 Kh7 33. Qf2 Ng5 34. R6xg5 hxg5
35. Rxg5 g6 36. Bd6 Rd7 37. Qxd4 Qc8 38. Qf2 Kg7 39. Rg2 Rh8 40. Qxa7 Qd8 41.
Qg1 Rh6 42. Rg5 Qh8 43. Rg2 Qh7 44. Qc5 Kf7 45. Qc8 Rxd6 46. exd6 Rh4 47. Qc7+
Kf6 48. d7 1-0

[Event "Mechanics' Spring TNM; 30/90, SD/30"]
[Site "San Francisco"]
[Date "2009.03.31"]
[Round "3.13"]
[White "Manvelyan, Hovik"]
[Black "Livschitz, Jennifer"]
[Result "1/2-1/2"]
[WhiteElo "1903"]
[BlackElo "1681"]
[PlyCount "66"]
[EventDate "2009.??.??"]

1. e4 e5 2. f4 d5 3. exd5 e4 4. d3 Nf6 5. Nc3 Bb4 6. Bd2 e3 7. Qe2 O-O 8. Qxe3
Re8 9. Ne4 Nxd5 10. Qf3 f5 11. O-O-O Bxd2+ 12. Nxd2 Nc6 13. Ne2 Ne3 14. a3 Nxd1
15. Kxd1 Qf6 16. Kc1 Nd4 17. Qd5+ Kh8 18. Nc3 Re1+ 19. Nd1 Ne2+ 20. Bxe2 Rxh1
21. Nf3 c6 22. Qc5 Bd7 23. g3 Be6 24. c4 Bf7 25. Qf2 Bh5 26. Ne5 Bxe2 27. Qxe2
Re8 28. Kd2 Kg8 29. Qg2 Rxd1+ 30. Kxd1 Qd6 31. Qf2 b6 32. Kc2 g6 33. Kc3 c5
1/2-1/2